00322nam a2200121Ia 4500008004100000041000800041082001500049100001800064245004500082260004000127300002400167365000900191240624s9999 xx 000 0 und d aeng a658.72 KER aKERKHOFF GERD aBERMUDA TRIANGLE OF BUSINESS PROCUREMENT c2005aNew YorkbJohn Wiley and Sons a222 : p. : cm. ; 21 cb30